| 000 | 00808 a2200241 4500 | ||
|---|---|---|---|
| 001 | 20026 | ||
| 999 |
_c20026 _d6714 |
||
| 003 | TR-AnTOB | ||
| 005 | 20241129155052.0 | ||
| 008 | 041102s[t.y tu tur | ||
| 020 | _a9757306746 | ||
| 041 | _atur | ||
| 050 |
_aDF919 _b.Ö94 [t.y.] |
||
| 090 | _aDF919 .Ö94 [t.y.] | ||
| 100 | 1 |
_aÖzendes, Engin _9119892 |
|
| 245 | 0 |
_aMerhaba Atina : _bhere İstanbul: Atina İstanbul arasında fotografik bir buluşma / _cEngin Özendes ; fotoğraf Ara Güler...[et al.]. |
|
| 264 | 1 |
_aİstanbul : _bTarih Vakfı Yurt Yayınları, _c[date of publication not identified] |
|
| 300 |
_a227 p. : _bcol. ill. ; _c27 cm. |
||
| 500 | _aTürkçe-Yunanca. | ||
| 651 | 0 |
_aİstanbul (Türkiye) _xGezi ve tanıtım _972831 |
|
| 651 |
_aAtina (Yunanistan) _xGezi ve tanıtım _912615 |
||
| 902 | _a0007740 | ||
| 942 | _cBK | ||